000 00287nam a22001337a 4500
008 170612b xxu||||| |||| 00| 0 eng d
020 _a9780917917042
041 _aeng
080 _a327
100 _a19
101 _aSHP
245 _aGOVERNMENT WORKS
_cTROXEL.J.P
942 _2udc
_cBK
999 _c16959
_d16959